Statistics for Countries of Europe in 1919 (with a Map)

Click here to take the quiz!

General Stats

  • This quiz has been taken 18,120 times
  • The average score is 33 of 43

Answers on the Map

Answers color-coded by a green-red scale on the quiz's map according to % correct below.
 

Answer Stats

Country% Correct
United Kingdom
100%
France
99%
Germany
99%
Russia
99%
Belgium
98%
Denmark
98%
Finland
98%
German-Austria
98%
Greece
98%
Italy
98%
Norway
98%
Portugal
98%
Spain
98%
Sweden
98%
Ukraine
98%
Estonia
97%
Latvia
97%
Lithuania
97%
Netherlands
97%
Switzerland
97%
Albania
96%
Bulgaria
96%
Hungary
96%
Luxembourg
96%
Poland
96%
Romania
96%
Serbs, Croats and Slovenes
94%
Czechoslovakia
92%
Iceland
92%
Liechtenstein
86%
Monaco
86%
San Marino
86%
Belarus
73%
Crimea
71%
Andorra
69%
Don
23%
West Ukraine
10%
Kuban
8%
Free Territory
7%
Mountain Republic
7%
Lemko
3%
Komancza
2%
Tarnobrzeg
2%

Score Distribution

Percentile by Number Answered

Percent of People with Each Score

Your Score History

You have not taken this quiz